| 000 | 00793nam a2200241Ia 4500 | ||
|---|---|---|---|
| 003 | GCL | ||
| 008 | 140319s9999 xx 000 0 ara d | ||
| 020 | _a7055307977 | ||
| 040 |
_aGCL / _cGCL |
||
| 082 | 0 | 4 |
_a001.6425 _bك أ |
| 100 | 1 | _aخالد العامرى | |
| 245 | 1 | 0 |
_aاكسيل 2000 EXCEL : _bفى خطوات سهلة IN EASY STEPS / _cخالد العامرى |
| 700 | 1 | _aكوبستيك، ستيفان | |
| 700 | 1 | _aاسماء سكران | |
| 250 | _aالاولى | ||
| 260 |
_aالقاهرة : _bدار الفاروق للنشر والتوزيع ، _c1999 |
||
| 300 |
_a188 ص: _bايض ؛ _c24 سم |
||
| 650 | 0 | 4 | _aالحاسبات الالكترونية |
| 650 | 0 | 4 | _aالبرمجة |
| 650 | 0 | 4 | _aالبرامج الالية |
| 650 | 0 | 4 | _aاكسيل |
| 942 |
_2ddc _cBK |
||
| 999 |
_c5025 _d5025 |
||